[Event "Fuerstenfeld U18 op 6th"]
[Site "Fuerstenfeld"]
[Date "2023.07.21"]
[Round "3"]
[White "Kryvosheiev, Nikita"]
[Black "Stoegerer, Felix"]
[Result "0-1"]
[WhiteElo "1040"]
[BlackElo "1398"]
[PlyCount "120"]
[EventDate "2023.07.20"]
[EventType "swiss"]
[EventRounds "7"]
[EventCountry "AUT"]
[SourceTitle "CBM 215 Extra"]
[Source "ChessBase"]
[SourceDate "2023.09.30"]
[SourceVersion "1"]
[SourceVersionDate "2023.09.30"]
[SourceQuality "1"]

1. d4 d5 2. c4 e6 3. Nf3 Nf6 4. Nc3 Nbd7 5. Bg5 c6 6. e3 Be7 7. cxd5 exd5 8. Bd3 h6 9. Bh4 b6 10. Rc1 0-0 11. 0-0 Ne4 12. Bxe7 Qxe7 13. Bxe4 dxe4 14. Nd2 Ba6 15. Ncxe4 Bxf1 16. Qxf1 Rfc8 17. h3 Nf6 18. Ng3 c5 19. Qa6 Rc7 20. Qc4 Qe6 21. Qxe6 fxe6 22. Nge4 Nxe4 23. Nxe4 Rac8 24. dxc5 bxc5 25. Nd6 Rb8 26. b3 Rc6 27. Nc4 Rd8 28. Kf1 Ra6 29. a4 Rd3 30. Rb1 Kf8 31. Ke2 Rd8 32. Na3 Rb6 33. Nc4 Rb4 34. Ne5 Rd5 35. Ng6+ Kf7 36. Nf4 Rf5 37. g4 Rg5 38. Nd3 Rb6 39. e4 c4 40. Nc1 Ra5 41. Na2 Rxb3 42. Rxb3 cxb3 43. Nc3 b2 44. Kd3 Rxa4 45. Kc2 Rb4 46. Kb1 a5 47. f3 Kf6 48. Ka2 b1Q+ 49. Nxb1 Rxb1 50. Kxb1 Ke5 51. Kb2 Kf4 52. Kb3 Kxf3 53. e5 Ke4 54. Ka4 Kxe5 55. Kxa5 Kd4 56. Kb4 e5 57. Kb3 Kd3 58. Kb2 Kd2 59. g5 e4 60. gxh6 gxh6 0-1

[Event "AUT-ch U14"]
[Site "St Veit"]
[Date "2023.06.08"]
[Round "1"]
[White "Stoegerer, Felix"]
[Black "Guba, Viktor"]
[Result "1/2-1/2"]
[WhiteElo "1348"]
[BlackElo "1822"]
[PlyCount "85"]
[EventDate "2023.06.08"]
[EventType "swiss"]
[EventRounds "7"]
[EventCountry "AUT"]
[SourceTitle "EXT 2024"]
[Source "ChessBase"]
[SourceDate "2023.10.10"]
[SourceVersion "1"]
[SourceVersionDate "2023.10.10"]
[SourceQuality "1"]

1. e4 c5 2. Nf3 Nc6 3. d4 cxd4 4. Nxd4 e6 5. Nc3 Qc7 6. Be3 a6 7. Qd2 Nf6 8. f4 Bb4 9. Bd3 d5 10. e5 Nd7 11. a3 Bc5 12. Nce2 Qb6 13. c3 a5 14. Rb1 a4 15. Bc2 Na5 16. Bd3 Nb3 17. Qc2 h6 18. 0-0 0-0 19. Rf3 f5 20. Rg3 Nb8 21. Kf2 Nc6 22. Nxb3 Bxe3+ 23. Rxe3 axb3 24. Qd2 Nxe5 25. fxe5 f4 26. Nxf4 Rxf4+ 27. Kg3 Raa4 28. Rf1 Rg4+ 29. Kf2 Bd7 30. g3 Rg5 31. Kg2 Bc6 32. Qf2 d4+ 33. Kg1 Rf5 34. Bxf5 exf5 35. Qxf5 Ra8 36. Qf7+ Kh8 37. cxd4 Qxd4 38. Qxb3 Qd2 39. Rf2 Qc1+ 40. Rf1 Qd2 41. Rf2 Qc1+ 42. Rf1 Qd2 43. Rf2 1/2-1/2

[Event "Fuerstenfeld U18 op 5th"]
[Site "Fuerstenfeld"]
[Date "2022.07.23"]
[Round "4"]
[White "Stoegerer, Felix"]
[Black "Weigl, Jakob"]
[Result "1/2-1/2"]
[WhiteElo "1243"]
[BlackElo "1505"]
[PlyCount "126"]
[EventDate "2022.07.21"]
[EventType "swiss"]
[EventRounds "7"]
[EventCountry "AUT"]
[SourceTitle "CBM 209 Extra"]
[Source "ChessBase"]
[SourceDate "2022.09.30"]
[SourceVersion "1"]
[SourceVersionDate "2022.09.30"]
[SourceQuality "1"]

1. e4 e5 2. Nf3 Nc6 3. Bc4 Bc5 4. c3 Nf6 5. d4 exd4 6. 0-0 d5 7. exd5 Nxd5 8. Qb3 Be6 9. Qxb7 Nde7 10. Bxe6 fxe6 11. Ng5 Rb8 12. Qa6 Qd7 13. Qc4 Qd5 14. Qxd5 exd5 15. Ne6 Bd6 16. Nxg7+ Kf7 17. Nh5 Rhg8 18. Rd1 Nf5 19. b3 Rbe8 20. Bf4 Be5 21. Bxe5 Rxe5 22. Nf4 Nh4 23. g3 Rf5 24. Nd3 Nf3+ 25. Kg2 Ke7 26. cxd4 Ncxd4 27. Nd2 Rgf8 28. Nxf3 Rxf3 29. Nf4 R3xf4 30. gxf4 Rxf4 31. Rac1 Kd6 32. Rc3 a5 33. Re3 Nf5 34. Red3 c6 35. Re1 Ne7 36. Rh3 Rf7 37. Rh6+ Ng6 38. h4 Kc5 39. Rc1+ Kb5 40. Kf1 c5 41. h5 Nf4 42. a4+ Kb4 43. Rb6+ Ka3 44. Rxc5 d4 45. Rd6 d3 46. Rxa5 Kxb3 47. Ra8 Kc2 48. Rc8+ Kd2 49. Rdd8 Rb7 50. Kg1 Rg7+ 51. Kh1 Rg5 52. Rg8 Rxh5+ 53. Kg1 Ne2+ 54. Kf1 Rh1+ 55. Kg2 Ra1 56. Rh8 Rxa4 57. Rxh7 Rg4+ 58. Kf3 Rg1 59. Ra7 Nd4+ 60. Kf4 Nc2 61. Rd8 Rd1 62. Ke4 Re1+ 63. Kf4 Rd1 1/2-1/2

[Event "Steyr Landesliga 2122"]
[Site "Austria"]
[Date "2022.03.19"]
[Round "4.8"]
[White "Stoegerer, Felix"]
[Black "Welzel, Maximilian"]
[Result "0-1"]
[WhiteElo "1231"]
[BlackElo "1478"]
[PlyCount "98"]
[EventDate "2021.10.16"]
[EventType "team-tourn"]
[EventRounds "11"]
[EventCountry "AUT"]
[SourceTitle "EXT 2023"]
[Source "ChessBase"]
[SourceDate "2022.10.05"]
[SourceVersion "1"]
[SourceVersionDate "2022.10.05"]
[SourceQuality "1"]
[WhiteTeam "Pinggau Friedberg"]
[BlackTeam "Leoben"]
[WhiteTeamCountry "AUT"]
[BlackTeamCountry "AUT"]

1. e4 e5 2. Nf3 Nc6 3. Bc4 Bc5 4. c3 Nf6 5. d4 exd4 6. 0-0 dxc3 7. e5 Ng4 8. Bxf7+ Kxf7 9. Qd5+ Ke8 10. Qxc5 d6 11. exd6 Qxd6 12. Qxd6 cxd6 13. Nxc3 Be6 14. Re1 Kd7 15. Ne4 Bd5 16. Bf4 Bxe4 17. Rxe4 Nf6 18. Re2 Rhe8 19. Rae1 d5 20. Rd2 Rxe1+ 21. Nxe1 Re8 22. Nf3 Ne7 23. Kf1 Ng6 24. Be3 a6 25. h3 Kd6 26. Nd4 Ne5 27. Nf5+ Kd7 28. Nxg7 Nc4 29. Nxe8 Nxd2+ 30. Bxd2 Kxe8 31. Ke2 Kd7 32. Kd3 Ke6 33. Kd4 b6 34. Bg5 Ne4 35. f3 Nxg5 36. h4 Nf7 37. h5 h6 38. g4 Ne5 39. b3 Nxf3+ 40. Ke3 Ne5 41. Kf4 d4 42. g5 hxg5+ 43. Ke4 d3 44. Ke3 g4 45. Kf2 g3+ 46. Kxg3 d2 47. h6 d1Q 48. h7 Nf7 49. Kf4 Qd4+ 0-1

[Event "EU Union-ch U10 17th"]
[Site "Mureck"]
[Date "2019.08.04"]
[Round "5"]
[White "Krasteva, Yoana"]
[Black "Stoegerer, Felix"]
[Result "1-0"]
[WhiteElo "1114"]
[BlackElo "1163"]
[PlyCount "147"]
[EventDate "2019.07.31"]
[EventType "swiss"]
[EventRounds "9"]
[EventCountry "AUT"]
[SourceTitle "EXT 2020"]
[Source "ChessBase"]
[SourceDate "2019.10.17"]
[SourceVersion "1"]
[SourceVersionDate "2019.10.17"]
[SourceQuality "1"]

1. e4 e5 2. Nf3 Nf6 3. Nxe5 d6 4. Nf3 Nxe4 5. Nc3 Nxc3 6. dxc3 Be7 7. Bf4 Nc6 8. Qd2 Be6 9. 0-0-0 Qd7 10. Kb1 0-0-0 11. Bd3 Kb8 12. h3 Rhe8 13. Rhe1 g6 14. Bh6 a6 15. Ng5 Bd5 16. Be4 Bxe4 17. Nxe4 f5 18. Nc5 Qc8 19. Ne6 Rd7 20. Re2 Ne5 21. Rxe5 dxe5 22. Qxd7 Bd6 23. Qxc8+ Kxc8 24. Ng5 Bc5 25. f3 Be3 26. Nf7 Bxh6 27. Nxh6 Rf8 28. Re1 e4 29. fxe4 fxe4 30. Kc1 Re8 31. Kd2 Kd7 32. Ng4 Re6 33. Nf2 Rf6 34. Nxe4 Rb6 35. b3 Rc6 36. c4 b6 37. Rd1 Ke7 38. Ke3 h6 39. Kf3 Ke6 40. Re1 Kf7 41. Nc3 Rf6+ 42. Kg3 c6 43. Na4 c5 44. Nc3 a5 45. Nd5 Rf5 46. Re7+ Kf8 47. Rb7 Rg5+ 48. Kh2 b5 49. Rxb5 h5 50. Rxa5 Ke8 51. Ra7 Kf8 52. a4 Re5 53. a5 Re6 54. a6 Rd6 55. Ra8+ Kf7 56. a7 Ra6 57. Nc7 Ra2 58. Rf8+ Kxf8 59. a8Q+ Rxa8 60. Nxa8 Ke7 61. Kg3 Ke6 62. Kf4 Kf6 63. h4 g5+ 64. hxg5+ Kg6 65. Nc7 h4 66. Ne6 h3 67. gxh3 Kf7 68. Kf5 Kg8 69. g6 Kh8 70. Kf6 Kg8 71. g7 Kh7 72. Kf7 Kh6 73. g8Q Kh5 74. Qg5# 1-0

[Event "AUT-ch U10"]
[Site "St Kanzian"]
[Date "2019.06.22"]
[Round "4"]
[White "Wimmer, Michael"]
[Black "Stoegerer, Felix"]
[Result "1-0"]
[WhiteElo "1328"]
[BlackElo "1098"]
[PlyCount "53"]
[EventDate "2019.06.21"]
[EventType "swiss"]
[EventRounds "7"]
[EventCountry "AUT"]
[SourceTitle "CBM 191 Extra"]
[Source "ChessBase"]
[SourceDate "2019.09.30"]
[SourceVersion "1"]
[SourceVersionDate "2019.09.30"]
[SourceQuality "1"]

1. e4 e5 2. Nf3 Nf6 3. Nc3 Nc6 4. d4 exd4 5. Nxd4 Bd6 6. Nxc6 bxc6 7. Bd3 Be5 8. 0-0 0-0 9. Bg5 Rb8 10. Rb1 d6 11. Qd2 Be6 12. f4 Bd4+ 13. Kh1 h6 14. Bh4 Qe7 15. Rf3 Bxc3 16. Qxc3 Bxa2 17. Ra1 Be6 18. e5 Nd5 19. Bxe7 Nxc3 20. Bxf8 Kxf8 21. bxc3 c5 22. c4 c6 23. f5 Bxf5 24. Bxf5 a5 25. Rff1 a4 26. Rfb1 Ra8 27. exd6 1-0

[Event "AUT-ch U10"]
[Site "St Kanzian"]
[Date "2019.06.21"]
[Round "1"]
[White "Stoegerer, Felix"]
[Black "Guba, Viktor"]
[Result "1-0"]
[WhiteElo "1098"]
[BlackElo "1341"]
[PlyCount "59"]
[EventDate "2019.06.21"]
[EventType "swiss"]
[EventRounds "7"]
[EventCountry "AUT"]
[SourceTitle "CBM 191 Extra"]
[Source "ChessBase"]
[SourceDate "2019.09.30"]
[SourceVersion "1"]
[SourceVersionDate "2019.09.30"]
[SourceQuality "1"]

1. e4 c5 2. Nf3 Nc6 3. d4 cxd4 4. Nxd4 g6 5. Nc3 Bg7 6. Be3 Nf6 7. Nxc6 bxc6 8. e5 Ng8 9. f4 d6 10. exd6 exd6 11. Qd2 Nf6 12. 0-0-0 Bg4 13. Be2 Bxe2 14. Qxe2 0-0 15. Qd3 Re8 16. Bf2 d5 17. Rhe1 Qd7 18. h3 Bh6 19. Qf3 Nh5 20. Be3 Rxe3 21. Rxe3 Bxf4 22. Ne2 Bxe3+ 23. Qxe3 Re8 24. Qd3 c5 25. Nc3 d4 26. Ne4 Qc7 27. Kb1 Qe5 28. Re1 Ng3 29. Nf6+ Qxf6 30. Rxe8+ 1-0